000 01635cam a22004814i 4500
003 PE-LiUPU
005 20250731173518.0
008 150616s1983 enk r 000 0 eng d
020 _a0567293467
035 _a(Sirsi) i9780567293466
040 _aPE-LiUPU
_bspa
_cPE-LiUPU
_erda
049 _aPRUA
082 0 4 _a264
_bF76
_221
100 1 _aForrester, Duncan,
_eautor.
245 1 0 _aEncounter with god /
_cDucan Forrester.
264 1 _aEdinburgh, Inglaterra :
_bT. & T. C,
_c1983.
300 _a187 páginas ;
_c21 centímetros
336 _atext
_2rdacontent
337 _aunmediated
_2rdamedia
338 _avolume
_2rdacarrier
505 0 _aIn many and various ways -- The roots of christian worship -- Word and sacrament -- Becoming a christian -- Time and seasons.
526 _aSEG42
526 _aSEG41
526 _aSEG40
526 _aSEG39
526 _aP94
526 _aP87
526 _aP86
526 _aP85
526 _aP77
526 _aP76
526 _aP35
650 0 4 _aCulto y adoración.
700 1 _aMcDonald, James I.H.,
_autor.
700 1 _aTellini, Gian,
_eeditor.
910 _ajck
_bjvq
_cjck
942 _2ddc
_cBOOK
949 _a264 F76
_wDEWEY
_c1
_i41798
_lCCODEBUL1
_mBUL
_r0
_sY
_tBOOK
_u2015-6-16
_xTEOLOGIA
_zUNKNOWN
_0COMPRA
_o.STAFF. Colección General
994 _aC0
_bPEPRU
596 _a1
999 _a264 F76
_wDEWEY
_c59461
_i41798
_d59461
_e2017-8-29
_f2021-11-10
_g5
_lCCODEBUL1
_mBUL
_n1
_p16.39
_q1
_r0
_sY
_tBOOK
_u2015-6-16
_xTEOLOGIA
_PP35
_0COMPRA
_o.STAFF. Colección Teología
980 _81
_gALBERTO SANCHEZ Responsable de Automatización